[Event "FIDE WCCC U12 2018"]
[Site "Santiago de Compostela"]
[Date "2018.11.14"]
[Round "10"]
[White "Samadov, Read"]
[Black "Yoo, Christopher Woojin"]
[Result "1-0"]
[WhiteElo "2029"]
[BlackElo "2407"]
[Annotator "TA"]
[PlyCount "106"]
[EventDate "2018.11.04"]
[EventType "swiss"]
[EventCountry "ESP"]
[SourceTitle "playchess.com"]
[Source "ChessBase"]
[SourceQuality "1"]

{[%evp 23,106,16,20,0,0,0,0,0,0,-5,19,10,56,50,56,62,56,53,89,81,81,91,80,32,130,122,97,54,55,36,54,39,50,0,0,0,0,0,0,0,0,-3,-3,-52,-12,-27,-12,-21,-19,-48,0,0,0,0,0,0,0,0,0,-88,-88,-97,0,0,0,0,0,0,0,0,0,0,0,0,0,0,0,0,0,0,0,0,0,0,0]} 1. d4 Nf6 2. c4 g6 3. Nc3 d5 4. cxd5 Nxd5 5. e4 Nxc3 6. bxc3 Bg7 7. Bc4 c5 8. Ne2 O-O 9. Be3 Nc6 10. O-O Bg4 11. f3 Bd7 12. Rc1 Rc8 {LiveBook: 30 Games} 13. Bd3 {[#] D87: Exchange Grünfeld: Classical Line: Variations without ...cxd4} Qa5 $146 ({Predecessor:} 13... e6 14. Qd2 Qa5 15. e5 Ne7 16. Ng3 cxd4 17. cxd4 Qxd2 18. Bxd2 f5 19. Bc4 Kf7 20. Ne2 Rxc4 21. Rxc4 {½-½ (41) Volke,K (2450)-Horvath,J (2510) Ljubljana 1995}) 14. Qb3 b6 15. Rfd1 Nd8 16. Qb2 Nb7 17. e5 e6 18. Ng3 $36 {[%mdl 2048] White has some pressure.} Bc6 19. Ne4 Bd5 20. Bb1 b5 21. Bg5 ({Much worse is} 21. dxc5 Bxe4 22. Bxe4 Nxc5 $15) 21... Bxe4 22. Bxe4 Qb6 23. Kh1 a5 (23... a6 $14) 24. Rb1 $16 b4 25. Rbc1 Rc7 26. Bf4 cxd4 27. cxd4 Rfc8 28. d5 (28. Rxc7 {seems wilder.} Qxc7 29. Rc1 Qd7 30. Rxc8+ Qxc8 31. Be3) 28... Rxc1 29. Rxc1 Rxc1+ 30. Qxc1 {[#] Hoping for Be3.} exd5 31. Bxd5 {Qc8+ is the strong threat.} Nd8 32. Qc8 Bf8 33. Qc4 Ne6 (33... Qf2 {is more complex.} 34. Bg3 Qe3 35. Qe4 Qc1+ 36. Qe1 Qc3) 34. h3 a4 {[%cal Ba5a4,Ba4a3,Ba3a2][%mdl 32]} 35. Bd2 h5 36. f4 b3 37. axb3 a3 {Threatens to win with ...a2.} 38. b4 Bh6 39. Bxe6 (39. Bc1 {feels hotter.} Qf2 40. Bxe6 fxe6 41. Qxe6+ Kh7 42. Qd7+) 39... Qxe6 40. Qxe6 fxe6 $11 {[%mdl 4096] Endgame KB-KB} 41. Bc1 (41. g3 $1 $11 {remains equal.}) 41... a2 $17 {[%mdl 1024] Black has strong compensation.} 42. Bb2 Kf8 (42... Bxf4 $17 43. Kg1 Kf8) 43. g3 $1 $11 {The position is equal.} Ke8 {Strongly threatening ...Kd7.} 44. Kg2 Kd7 {And now ...Kc6 would win.} 45. Kf3 Kc6 {White must now prevent ...Bf8.} 46. Ke4 Kb5 47. g4 hxg4 (47... Bf8 {keeps more tension.} 48. gxh5 gxh5 49. f5 Kxb4 50. fxe6 Be7) 48. hxg4 Kxb4 49. f5 gxf5+ 50. gxf5 exf5+ 51. Kxf5 Kb3 52. Ba1 Bg7 53. Kg6 {[#]} Bxe5 $1 {[%mdl 33280] Precision: White = 62%, Black = 59%. . Loss on Time!?} 1-0

[Event "FIDE WCCC U12 2018"]
[Site "Santiago de Compostela"]
[Date "2018.11.14"]
[Round "10"]
[White "Hommer, Jeremy"]
[Black "Chyzy, Jakub"]
[Result "1-0"]
[WhiteElo "1987"]
[BlackElo "2136"]
[Annotator "TA"]
[PlyCount "133"]
[EventDate "2018.11.04"]
[EventType "swiss"]
[EventCountry "ESP"]
[SourceTitle "playchess.com"]
[Source "ChessBase"]
[SourceQuality "1"]

{[%evp 9,133,47,73,15,45,43,39,39,55,72,69,20,31,24,41,17,85,-23,0,-20,-22,-21,-13,-18,-20,-17,-12,-19,5,0,18,18,21,22,25,21,28,3,9,14,4,4,36,34,47,0,22,0,0,-21,47,37,55,59,123,40,107,88,83,67,79,79,212,208,207,208,248,233,254,242,287,284,337,336,309,302,341,296,266,303,290,285,331,320,373,347,411,409,406,391,675,666,662,655,642,608,911,801,29965,29968,29968,29969,29968,29968,29968,29969,29969,29970,29971,29971,29971,29972,29971,29971,29972,29973,29972,29973,29973,29973,29974,29976,29975,29976,29976,29975]} 1. e4 Nf6 2. e5 Nd5 3. Nc3 Nb6 4. a4 a5 5. Nf3 (5. d4 d6 6. Nf3 Bg4 7. h3 Bh5 8. g4 Bg6 9. e6 fxe6 10. Ng5 Qd7 11. Qe2 Nc6 12. Nxe6 Nb4 13. Nb5 Rc8 14. Na3 {1-0 (28) Zvjaginsev,V (2660)-Panarin,M (2558) St Petersburg 2015}) 5... d6 6. h3 $146 {B02: Aljechin-Verteidigung (Jagdvariante)} (6. d4 $16) ({Vorgänger:} 6. exd6 exd6 7. Be2 Be7 8. O-O O-O 9. d3 Bf6 10. Ne4 Be7 11. Be3 d5 {1-0 (36) Lipiniks,L (2155)-Valiente,C (2400) San Cristobal 1998}) 6... Nc6 7. Bb5 Bd7 8. d4 {Weiß steht etwas besser.} dxe5 9. dxe5 Nb4 10. Bxd7+ Qxd7 11. Qe2 Qc6 12. O-O Qc4 {[#]} (12... e6 $11 {hält das Gleichgewicht.}) 13. Re1 (13. Qxc4 $1 $16 Nxc4 14. b3 Nxc2 15. Ra2) 13... e6 14. Be3 Qxe2 15. Rxe2 Nc4 16. Bc1 O-O-O 17. b3 Nb6 18. Bb2 N6d5 19. Rd2 Bc5 20. Ne4 Ba7 21. Rad1 h6 22. g3 Ne7 23. Ne1 Rd5 24. Kf1 Rhd8 25. Ke2 Nec6 26. f4 Ne7 27. Nd3 Nf5 28. c3 Nc6 29. Ne1 (29. g4 $5 {[%cal Rg4f5]} Ne3 30. Rg1 $11) 29... Nce7 (29... Ne3 $11 30. Rb1 Rxd2+ 31. Nxd2 g5) 30. Nc2 $14 Ng6 {[#] Und weiter mit ...Sxg3+! wäre nett.} 31. Kf3 h5 (31... Nge7 $14) 32. c4 ({Besser ist} 32. Rxd5 $16 exd5 33. Ng5) 32... R5d7 (32... Rxd2 $14 33. Rxd2 Rxd2 34. Nxd2 Bg1) 33. Rxd7 (33. Bc3 {is more complex.} b6 34. g4 Ngh4+ 35. Kf2 hxg4 36. hxg4 Nh6 37. Kg3) 33... Rxd7 34. Rxd7 Kxd7 35. Bc3 Bb6 (35... b6 $16) 36. c5 $18 Ba7 37. Bxa5 Kc6 38. b4 {[%cal Bb3b4,Bb4b5][%mdl 32]} b6 39. cxb6 cxb6 40. b5+ Kd5 41. Be1 Kc4 42. Nb4 Bb8 43. Na6 Bxe5 44. fxe5 Nxe5+ 45. Ke2 Nd4+ 46. Kf1 Nd7 47. Nc7 Kb3 48. a5 bxa5 49. Bxa5 Nxb5 $2 (49... Nf5 50. Kf2 g6) 50. Nxb5 Ka4 51. Bc3 Kxb5 52. Bxg7 f5 53. Nf6 Nxf6 54. Bxf6 {[%mdl 4096] Endspiel KL-K3B. Weiß setzt Matt.} Kc5 55. Ke2 Kd5 56. Ke3 e5 57. Kd3 Ke6 58. Bg7 Kd5 59. Bh8 Ke6 60. Kc4 Kd6 61. Bf6 Ke6 62. Bg7 Kd6 63. Bf8+ Ke6 64. Bb4 Kf6 65. Kd5 e4 66. Bd2 Kg6 67. h4 {Precision: Weiß = 63%, Schwarz = 35%.} 1-0

[Event "FIDE WCCC U12 2018"]
[Site "Santiago de Compostela"]
[Date "2018.11.14"]
[Round "10"]
[White "Revaliente Montoya, Ciro"]
[Black "Nguyen, Quoc Hy"]
[Result "0-1"]
[WhiteElo "1961"]
[BlackElo "2117"]
[Annotator "TA"]
[PlyCount "99"]
[EventDate "2018.11.04"]
[EventType "swiss"]
[EventCountry "ESP"]
[SourceTitle "playchess.com"]
[Source "ChessBase"]
[SourceQuality "1"]

{[%evp 15,99,20,25,0,3,-5,100,72,129,28,37,-59,15,-33,-33,-102,-101,-88,-77,-143,-108,-102,-46,-35,-7,0,-14,-52,-58,-69,-58,-91,-101,-81,-36,-47,-37,-52,-58,-47,-40,-120,-126,-114,-111,-134,-132,-114,-123,-120,-135,-200,-60,-192,-182,-162,-51,-50,-60,-383,-377,-473,-466,-470,-470,-455,-447,-461,-461,-461,-455,-441,-446,-357,-359,-504,-490,-743,-706,-969,-933,-904,-853,-1133,-1092,-1114]} 1. e4 c5 2. Nf3 e6 3. d4 cxd4 4. Nxd4 a6 5. c4 Nf6 6. Nc3 Bb4 7. Qc2 Nc6 {B41: Sizilianisch (Paulsen-Variante)} (7... O-O 8. e5 Ng4 9. f4 Bc5 10. Nf3 Nc6 11. Ne4 Bb4+ 12. Nc3 Bc5 13. Ne4 Bb4+ 14. Nc3 d6 15. h3 {½-½ (50) Ninov,N (2600)-Brooks,I (2581) ICCF email 2009}) 8. Nxc6 dxc6 {LiveBook: 5 Partien} 9. a3 Bc5 {Die Stellung ist ausgeglichen.} 10. Bf4 $146 ({Vorgänger:} 10. Bg5 e5 11. Be2 h6 12. Bh4 Qe7 13. Na4 Bd4 14. c5 Be6 15. Rd1 {½-½ (65) Erdogdu,M (2393)-Trygstad,K (2283) Izmir 2004}) 10... Qe7 (10... Nh5 $11 {bleibt in der Remisbreite.} 11. Rd1 Qe7) 11. e5 $1 $16 {[%cal Re5f6]} Nh5 (11... Qc7 $142) 12. Bg3 (12. Bd2 $16) 12... Bd4 13. Qd3 ({Günstiger ist} 13. f4 $14) 13... c5 (13... Nxg3 $15 14. hxg3 Bxe5) 14. Be2 Nxg3 15. Qxg3 (15. hxg3 $15 Bxe5 16. Rxh7) 15... O-O $17 16. O-O-O Bd7 17. Ne4 (17. Bf3 $142) 17... Kh8 18. Bd3 b5 (18... f5 $17 19. Nd6 g5) 19. Nf6 $1 $15 {Und weiter mit Dh4 wäre nett.} Bxe5 ({Nur nicht} 19... gxf6 $2 20. Qh4 $18) 20. Qh4 {[%csl Gd3,Gf6][%cal Rh4h7]} Bf4+ $1 ({Nicht} 20... h6 $2 21. Qe4 $16) 21. Kb1 {[%csl Gd3,Gf6][%cal Rh4h7]} h6 22. Qxf4 Qxf6 23. Qe4 {[%csl Gd3][%cal Re4h7]} g6 24. Qe3 Kg7 25. Be4 Rad8 26. Qxc5 bxc4 27. Qxc4 Bb5 28. Qc3 (28. Qc5 $15) 28... Qxc3 $17 29. bxc3 Rb8 30. Rd4 Rfc8 31. Kc2 e5 {[%cal Be6e5,Be5e4][%mdl 32]} 32. Rb4 a5 $1 {[%cal Ra5b4]} 33. Rbb1 {[#]} (33. Rb2 $17 {war angesagt.}) 33... f5 ({Lieber} 33... Rc5 $1 $19 34. Rhe1 f5) 34. Bd5 (34. Bd3 $15 Ba4+ 35. Kd2) 34... e4 $36 {[%mdl 2048] Und ...Ld3+ würde nun gewinnen. Weiss steht unter starkem Druck.} 35. Kd2 {[#]} Bd3 (35... Rc5 $1 $19 {[%cal Rc5d5]} 36. c4 Rd8 37. Rxb5 Rxb5 38. cxb5 Rxd5+ 39. Kc2 Rc5+ 40. Kd2 Rxb5) 36. Rxb8 $15 Rxb8 {[%mdl 4096] Endspiel KTL-KTL} 37. f3 $2 {[%mdl 8192]} (37. Ke3 $1 $15) 37... Rd8 $19 38. fxe4 Bxe4 39. c4 Bxg2 40. Rd1 Bf3 41. Rb1 Bxd5 42. cxd5 Rxd5+ {KT-KT} 43. Ke3 Rc5 44. Kd4 Rc2 45. h4 (45. Ke5 {war einen Versuch wert.} Re2+ 46. Kf4) 45... Re2 {Schwarz steht klar auf Gewinn.} 46. Kd5 (46. Rb5 $142 Re4+ 47. Kd5) 46... h5 47. Rb5 Re4 48. Rxa5 Rxh4 49. Ra6 Re4 50. a4 {Precision: Weiß = 26%, Schwarz = 52%.} 0-1

[Event "FIDE WCCC U12 2018"]
[Site "Santiago de Compostela"]
[Date "2018.11.14"]
[Round "10"]
[White "Macias Pino, Diego"]
[Black "Zhou, Liran"]
[Result "0-1"]
[WhiteElo "1947"]
[BlackElo "2186"]
[Annotator "TA"]
[PlyCount "54"]
[EventDate "2018.11.04"]
[EventType "swiss"]
[EventCountry "ESP"]
[SourceTitle "playchess.com"]
[Source "ChessBase"]
[SourceQuality "1"]

{[%evp 21,54,31,16,0,0,0,48,-19,33,35,47,0,0,-26,-29,-25,-7,-125,-114,-262,-253,-671,-683,-683,-681,-668,-659,-745,-741,-785,-782,-847,-845,-931,-841]} 1. e4 c5 2. Nc3 Nc6 3. Bb5 Nd4 4. Bc4 g6 5. Nf3 Bg7 6. Nxd4 cxd4 7. Qf3 Nh6 8. Ne2 O-O 9. d3 Ng4 {B23: Sizilianisch (Geschlossenes System)} 10. Bb3 d6 11. Qg3 (11. O-O e5 12. Qg3 Nf6 13. f4 Nh5 14. Qe1 exf4 15. Nxf4 Nxf4 16. Bxf4 Qe7 17. Qb4 {½-½ (40) Gazik,V (2486)-Fawzy,A (2431) Batumi 2018}) 11... a5 {[%cal Ba7a5,Ba5a4][%mdl 32] LiveBook: 21 Partien. Weiß steht etwas besser.} 12. a3 a4 $146 ({Vorgänger:} 12... Nf6 13. f4 Nd7 14. O-O Nc5 15. Ba2 a4 16. f5 Kh8 17. Bg5 {1-0 (28) Abramciuc,M-Minko,V (1985) Thessaloniki 2009}) 13. Ba2 $1 Qb6 14. h3 (14. c3 $14) 14... Ne5 (14... Nf6 $1 $11) 15. f4 $14 {[%cal Bf2f4,Bf4f5][%mdl 32]} Nc6 16. O-O (16. h4 $5 {[%cal Rh4h5]}) 16... Be6 17. f5 Bxa2 18. Rxa2 Qc5 19. Nf4 (19. b4 $11 axb3 20. cxb3) 19... Qxc2 $17 {[#] Und weiter mit ...Db1 wäre nett.} 20. Nd5 (20. Ra1 $17) 20... Qb1 $19 21. Nxe7+ $2 (21. f6 Bxf6 22. Bh6 Qxa2 23. Rxf6) 21... Nxe7 {Schwarz steht klar auf Gewinn.} 22. f6 Qxa2 23. fxg7 Rfe8 24. Bg5 Qe6 25. Bf6 Nc6 26. Qh4 Ra5 27. g4 Qb3 {Precision: Weiß =  6%, Schwarz = 52%.} 0-1

[Event "FIDE WCCC U12 2018"]
[Site "Santiago de Compostela"]
[Date "2018.11.14"]
[Round "10"]
[White "Rakhmatullaev, Almas"]
[Black "Damjanovic, Vuk"]
[Result "1/2-1/2"]
[WhiteElo "1921"]
[BlackElo "2053"]
[Annotator "NA RC"]
[PlyCount "99"]
[EventDate "2018.11.04"]
[EventType "swiss"]
[EventCountry "ESP"]
[SourceTitle "playchess.com"]
[Source "ChessBase"]
[SourceQuality "1"]
[TimeControl "40/5400+30:1800+30"]

{[%evp 9,99,-45,0,0,-17,0,22,-2,-18,32767,-13,-9,-9,32767,-12,-20,-9,-25,-14,-32,-20,32767,32767,-30,4,32767,23,0,20,-24,-15,-12,-6,-34,-27,-22,0,0,32767,32,29,32767,45,33,19,43,31,19,32767,14,61,12,32767,32767,0,-17,0,-8,-7,0,32767,-44,-39,32767,-45,-50,-37,-62,-10,-31,0,0,0,0,32767,0,62,32767,31,32767,0,32767,32767,0,32767,32767,32767,32767,32767,0,12,0]} 1. d4 {[%emt 0:00:00]} c5 {[%emt 0:00:00]} 2. c3 {[%emt 0:00:28]} Nf6 {[%emt 0:00:15]} 3. Nf3 {[%emt 0:00:20]} d5 {[%emt 0:00:28]} 4. Bf4 {[%emt 0:10:06]} Qb6 {[%emt 0:01:02]} 5. Nbd2 {[%emt 0:01:59] D02: 1 d4 d5 2 Nf3 sidelines, including 2...Nf6 3 g3 and 2...Nf6 3 Bf4} ({Better is} 5. Qb3 $11 Nc6 6. dxc5 Qxc5 7. Nbd2 e6 8. e3 Be7 9. h3 O-O 10. Be2 b6 11. O-O Bb7 12. a4 Rac8 13. Rfd1 h6 {0-1 (60) Kamsky,G (2721)-Ponomariov,R (2731) Beijing 2013}) 5... cxd4 {[%emt 0:13:31]} 6. cxd4 {[%emt 0:00:36]} Nc6 {[%emt 0:01:41]} 7. e3 {[%emt 0:01:42]} Bf5 {[%emt 0:02:07]} 8. Nh4 {[%emt 0:17:15]} Bg4 $146 {[%emt 0:02:03]} ({Predecessor:} 8... Bd7 9. Qb3 Qxb3 10. Nxb3 e6 11. Nf3 Nb4 12. Rc1 Nxa2 {0-1 (20) Rodriguez Lazo,L (1898)-Curi,G (2175) Montevideo 2018}) 9. Be2 {[%emt 0:01:27]} Bxe2 {[%emt 0:02:27]} 10. Qxe2 {[%emt 0:01:37]} e6 {[%emt 0:00:56]} 11. O-O {[%emt 0:01:05]} Be7 {[%emt 0:03:59]} 12. Nhf3 {[%emt 0:13:07]} O-O {[%emt 0:02:52]} 13. Ne5 {[%emt 0:02:39]} Nxe5 {[%emt 0:03:46]} 14. dxe5 {[%emt 0:00:38]} Ne4 {[%emt 0:20:05]} 15. Nxe4 {[%emt 0:12:09]} dxe4 {[%emt 0:00:18]} 16. Qg4 {[%emt 0:00:16]} Kh8 {[%emt 0:09:45]} ({Much worse is} 16... Qxb2 17. Rab1 $14) 17. Bg3 {[%emt 0:01:25]} Qb4 {[%emt 0:00:28]} 18. a3 {[%emt 0:01:38]} Qa4 {[%emt 0:01:16]} 19. Qd1 {[%emt 0:04:27]} Qxd1 {[%emt 0:08:01]} 20. Rfxd1 {[%emt 0:00:11]} Rfd8 {[%emt 0:00:36]} 21. Kf1 {[%emt 0:00:53]} h5 {[%emt 0:03:34]} 22. f3 {[%emt 0:06:15]} h4 {[%emt 0:01:38]} 23. Be1 {[%emt 0:00:31]} h3 {[%emt 0:00:08]} 24. fxe4 {[%emt 0:01:27]} hxg2+ {[%emt 0:00:12]} 25. Kxg2 {[%emt 0:00:07]} Rac8 {[%emt 0:02:54]} 26. Rxd8+ {[%emt 0:06:16]} Bxd8 {[%emt 0:00:14]} 27. Bc3 {[%emt 0:00:29]} Bb6 {[%emt 0:01:07]} 28. Kf3 {[%emt 0:00:26]} Kh7 {[%emt 0:01:46]} 29. Rg1 {[%emt 0:05:42]} g6 {[%emt 0:02:46]} 30. Ke2 {[%emt 0:01:04]} Kg7 {[%emt 0:00:14]} 31. Rg3 {[%emt 0:00:08]} Rh8 {[%emt 0:00:31]} 32. h3 {[%emt 0:00:13]} Rh4 {[%emt 0:00:10]} 33. Kd3 {[%emt 0:04:04]} Bc7 {[%emt 0:00:34]} 34. Bd4 {[%emt 0:00:51]} a6 {[%emt 0:00:20]} 35. Rf3 {[%emt 0:01:23]} Rh5 {[%emt 0:00:33]} 36. Bc5 {[%emt 0:00:53]} Bxe5 {[%emt 0:02:15]} 37. b4 {[%emt 0:00:17]} f6 {[%emt 0:05:17]} 38. a4 {[%emt 0:00:38]} b5 {[%emt 0:02:11]} 39. a5 {[%emt 0:01:26]} Kf7 {[%emt 0:06:34]} 40. Bd4 {[%emt 0:00:00]} Ke7 {[%emt 0:00:00]} 41. Bxe5 {[%emt 0:09:36]} Rxe5 {[%emt 0:02:58]} 42. Rg3 {[%emt 0:01:57]} Kf7 {[%emt 0:00:10]} (42... g5 $11) 43. Kd4 {[%emt 0:00:52]} Rh5 {[%emt 0:00:35]} 44. Rf3 {[%emt 0:00:42]} (44. Rg1 $16) 44... Ke7 {[%emt 0:10:49]} 45. Rg3 {[%emt 0:00:22]} Kf7 {[%emt 0:00:07]} 46. Rf3 {[%emt 0:00:23]} Kg7 {[%emt 0:03:25]} 47. Rg3 {[%emt 0:00:30]} (47. Rf1 $16) 47... Kh6 {[%emt 0:00:11]} 48. Rf3 {[%emt 0:00:15]} Kg7 {[%emt 0:00:11]} 49. Rg3 {[%emt 0:00:13]} Kh6 $11 {[%emt 0:00:53]} 50. Rf3 {[%emt 0:00:31]} 1/2-1/2

[Event "FIDE WCCC U12 2018"]
[Site "Santiago de Compostela"]
[Date "2018.11.14"]
[Round "10"]
[White "Ohanyan, Emin"]
[Black "Tashev, Aleksandar"]
[Result "1-0"]
[WhiteElo "1742"]
[BlackElo "2211"]
[Annotator "TA"]
[PlyCount "125"]
[EventDate "2018.11.04"]
[EventType "swiss"]
[EventCountry "ESP"]
[SourceTitle "playchess.com"]
[Source "ChessBase"]
[SourceQuality "1"]

{[%evp 17,125,40,50,32,39,22,66,64,85,94,81,80,86,88,143,93,137,91,131,131,139,130,130,135,127,121,126,126,126,126,123,120,123,115,125,119,131,131,137,127,125,114,187,134,212,195,226,209,229,202,258,206,187,204,251,229,204,218,216,220,216,214,206,238,227,0,153,0,232,237,422,0,0,0,0,0,0,0,0,0,312,316,275,278,255,235,226,227,226,225,256,247,289,40,66,0,0,0,29990,29978,29978,29979,29986,29980,29980,29981,29981,29982,29982,29983]} 1. e4 c5 2. Nf3 Nc6 3. d4 cxd4 4. Nxd4 d6 5. Nc3 Nf6 6. Bc4 g6 7. Nxc6 bxc6 8. e5 Ng4 9. exd6 Qxd6 {LiveBook: 7 Games} 10. Qe2 {B57: Classical Sicilian: Sozin with 6...Qb6} (10. Qxd6 exd6 11. Bf4 Be6 12. Bxe6 fxe6 13. h3 Nf6 14. O-O-O Nd5 15. Bd2 Nxc3 16. Bxc3 Rg8 17. Rhe1 Kd7 {½-½ (70) Phadke,S (2222)-Neverov,V (2492) Mumbai 2018}) 10... Bg7 $1 11. Bg5 $146 ({Predecessor:} 11. h3 Ne5 12. Bb3 a5 13. f4 Ba6 14. Qe4 Nd7 15. Be3 Nc5 16. Qf3 Nxb3 17. axb3 O-O {½-½ (67) Jurcik,M (2355)-Druska,J (2338) Slovakia 2011}) 11... Qe5 12. Qxe5 {White is slightly better.} Nxe5 13. Bb3 $1 {[%cal Bc4b3,Bb3a4,Ba4c6][%mdl 32]} h6 14. Be3 O-O 15. O-O-O g5 (15... Bf5 $142) 16. Rhe1 e6 17. Ba4 Ba6 18. Bd4 Nc4 19. Bxg7 Kxg7 20. Bxc6 Rac8 21. Ba4 Rc7 22. Bb3 Rfc8 23. Bxc4 Bxc4 24. Rd2 Kg6 25. Red1 a6 26. Rd8 h5 27. Rxc8 Rxc8 $16 {[%mdl 4096] Endgame KRB-KRN} 28. Rd6 h4 29. Kd2 Bf1 (29... Bb5 $16 {was called for.}) 30. g3 (30. Nd5 $1 $18 {[%cal Rd5e7]} Kg7 31. Ne3) 30... h3 (30... hxg3 $16 {keeps fighting.} 31. hxg3 (31. fxg3 Rh8 $14) 31... Kf5) 31. Nd1 a5 32. Ne3 Bg2 33. c4 Kf6 34. Rd7 Bc6 35. Ra7 a4 36. b4 axb3 37. axb3 Rd8+ 38. Kc3 Be4 39. c5 Rd3+ 40. Kc4 Rd2 41. Kc3 Rd3+ {[#]} 42. Kc4 (42. Kb4 $1 $16) 42... Rd2 $18 43. b4 {Black must now prevent b5.} Bf3 $2 (43... Rb2 {was necessary.} 44. Kc3 Rb1 45. Ng4+ Kf5) 44. b5 $2 (44. Kc3 $18 Rd8 45. b5) 44... Rxf2 $11 45. c6 Rxh2 {Threatens to win with ...Rh1.} 46. c7 Rh1 47. Nc2 Rc1 48. Kb3 $1 Rxc2 $4 {[%mdl 8192]} (48... Bd5+ $11 {and Black stays safe.} 49. Kb2 h2) 49. Kxc2 {KR-KB} h2 50. c8=Q {Intending Qc3+ and mate.} Be4+ 51. Kd2 {Qh8+ is the strong threat.} h1=Q $18 {[#] KQR-KQB} 52. Qd8+ $1 Kf5 53. Rxf7+ Kg4 54. Qd4 Qb1 {intending ...e5.} 55. Qc4 $2 (55. Rg7 $18) 55... Kxg3 $14 56. Rf1 (56. Qc3+ $14 Kg4 57. Qc4) 56... Qb2+ $11 57. Ke3 Bf5 $2 {[%mdl 8192]} (57... Bg2 $11) 58. Rg1+ {White mates.} Kh2 59. Rxg5 Qe5+ 60. Kd2 Qb2+ 61. Ke1 Qb1+ 62. Kf2 Qb2+ 63. Qe2 {Precision: White = 66%, Black = 52%.} 1-0

[Event "FIDE WCCC U12 2018"]
[Site "Santiago de Compostela"]
[Date "2018.11.15"]
[Round "11"]
[White "Gukesh D"]
[Black "Razafindratsima, Timothe"]
[Result "1-0"]
[WhiteElo "2457"]
[BlackElo "2092"]
[Annotator "TA"]
[PlyCount "107"]
[EventDate "2018.11.04"]
[EventType "swiss"]
[EventCountry "ESP"]
[SourceTitle "playchess.com"]
[Source "ChessBase"]
[SourceQuality "1"]

{[%evp 20,106,14,7,27,24,29,13,31,49,48,97,80,60,84,84,81,55,64,39,134,125,120,22,60,0,0,0,7,-101,77,75,220,224,364,341,709,698,638,356,396,383,29991,29992,29992,1693,1151,228,181,106,91,22,17,20,31,6,104,100,97,36,97,91,170,77,278,215,263,234,655,612,592,180,29982,29983,29983,29984,29983,29984,29994,29995,29995,29996,29996,29997,29997,29998,29998,29999,29999]} 1. Nf3 Nf6 2. g3 g6 3. b3 Bg7 4. Bb2 d6 5. d4 c5 6. Bg2 cxd4 7. Nxd4 d5 8. O-O O-O 9. c4 dxc4 10. bxc4 Qb6 11. Qc2 {LiveBook: 4 Games. A49: 1 d4 Nf6 2 Nf3 g6 3 g3: Anti-King's Indian systems} (11. Qc1 Bd7 12. Nd2 Nc6 13. N2b3 Rac8 14. Rd1 Rfd8 15. Rb1 Qc7 16. Bc3 b6 17. Nb5 Qb8 18. Qa3 a5 19. Qb2 {½-½ (48) So,W (2778)-Caruana,F (2816) Leuven 2018}) 11... Na6 12. Nd2 Rd8 13. N2b3 $146 {White has an edge.} ({Predecessor:} 13. Qb3 Nc5 14. Qxb6 axb6 15. N4f3 Ra4 16. Be5 Bf5 17. a3 Rda8 18. Nd4 Nfe4 19. Bxg7 Nxd2 {0-1 (29) Bany,J (2430)-Knaak,R (2490) Cienfuegos 1984}) 13... e5 14. Nb5 Bd7 15. a4 Rac8 16. Bxe5 Qe6 17. Qb2 (17. Bxb7 $6 Qxe5 18. Bxa6 Bf5 $11) 17... Rxc4 18. Rfd1 Rb4 19. Ra3 $1 {Threatens to win with Rd6.} Nh5 (19... Qb6 $1 $14) 20. Bxg7 $16 Nxg7 21. Nc3 (21. Nxa7 $6 Qb6 $14) (21. Bxb7 $16 {Black must now prevent Qc3.} Ne8 22. Qc3) 21... Qe5 22. Qd2 (22. Qa1 $14) 22... Ne6 $11 23. f4 Qb8 24. f5 (24. Qe3 $11 {keeps the balance.}) 24... Bxa4 $2 (24... gxf5 $17 {keeps the pressure on.} 25. Nd5 Bc6) 25. Nd5 $1 $16 Bxb3 (25... gxf5 $16 26. Qc3 Bxb3 27. Nf6+ Kf8 28. Nxh7+ Ke8 29. Qh8+ Ke7 30. Qf6+ Ke8 31. Qh8+ Ke7 32. Qf6+ Ke8 33. Qh8+) 26. fxe6 $18 Bxd5 ({Worse is} 26... Bxd1 27. e7 $11) (26... fxe6 $142 27. Ne7+ Kf8 28. Qxd8+ Qxd8 29. Rxd8+ Kxe7) 27. Bxd5 Qd6 $2 (27... Qc7 28. exf7+ Kg7) 28. exf7+ Kg7 29. Rf3 Qc5+ 30. Kg2 Rb6 $2 (30... Rf8 $18 31. Qg5 Qd6) 31. Qg5 Qc7 32. Rc1 (32. Be6 $142 Rf8 33. Qf6+ Kh6 34. Rd5 Qc4 35. Rh5+ $1 {[%mdl 512]} Kxh5 36. g4+ (36. Bxc4 Rxf6 37. Rxf6 Nc5 $14) 36... Qxg4+ 37. Bxg4+ Kxg4 38. Rg3+ Kh5 39. Qg5#) 32... Qd6 {[#]} 33. Rcf1 $2 (33. Be6 $1 {[%mdl 512] Qf6+ would kill now.} Nb8 (33... Qxe6 34. Qxd8) 34. Qf6+ Kf8 35. Qh8+ Ke7 36. f8=Q+ Rxf8 37. Qxf8+ Kxe6 38. Re3+ Qe5 39. Qe8+ Kf6 40. Qxe5+ Kf7 41. Qe7+ Kg8 42. Rc8#) 33... Rf8 34. Qd2 ({Better is} 34. Rd1 $1 $18) 34... Qe5 $16 35. Re3 (35. Bc4 $1 $16 {aiming for Re3.} Rd6 36. Qc1) 35... Qb2 $11 36. Qe1 {Strongly threatening Re8.} Nc7 37. Bc4 (37. Ba2 $5) 37... Rf6 (37... Rb4 $1 $11 38. Ba2 a5) 38. Rxf6 $16 Qxf6 39. Rf3 (39. Qb4 $1 $16) 39... Qe5 {[#]} ({Black should try} 39... Qd4 $14 40. Bb3 Nb5) 40. Qd2 $1 a5 {[#]} (40... h5 $16 {is a better defense.}) 41. Ba2 (41. Re3 $1 $18 {[%cal Re3e5] has better winning chances.} Qf6 42. Rf3 (42. Qxa5 Qc6+ 43. Rf3 Qxc4 $16)) 41... b6 $2 (41... Nb5 $16 {was necessary.}) 42. Re3 $18 Qf6 43. g4 {[%cal Bg3g4,Bg4g5][%mdl 32]} a4 $2 (43... h6 44. Rf3 Qc6) 44. Rh3 {White threatens Qh6+ and mate.} Kh8 45. Qb4 $2 $40 {[%mdl 128] White goes for the king.} (45. Rf3 Qg7 46. Qb4) 45... Qg7 $2 (45... Kg7 $18 46. Qd2 (46. Qxa4 Qe5 $16) 46... Kh8) 46. g5 {White mates.} Rxf7 47. Bxf7 Qxf7 {[%mdl 4096] Endgame KQR-KQN} 48. Rf3 Qd5 49. Qf8+ Qg8 50. Qf6+ Qg7 51. Qd8+ Ne8 52. Qxe8+ Qg8 53. Qe5+ Qg7 54. Rf8# {Precision: White = 47%, Black = 26%.} 1-0